书目信息 |
| 题名: |
鱼王
|
|
| 作者: | 阿斯塔菲耶夫 , Астафъев 著 ;夏仲翼 译 | |
| 分册: | ||
| 出版信息: | 天津 百花文艺出版社 1997 |
|
| 页数: | 14,524页 | |
| 开本: | 20cm | |
| 丛书名: | 域外小说新译丛书 | |
| 单 册: | ||
| 中图分类: | I512.4 | |
| 科图分类: | 47.2752 | |
| 主题词: | 长篇小说--苏联--现代 | |
| 电子资源: | ||
| ISBN: | 7-5306-2435-0 | |
| 000 | 00801nam2 2200265 45 | |
| 001 | 1234011213 | |
| 005 | 20121012092804.51 | |
| 010 | @a7-5306-2435-0@dCNY22.80 | |
| 100 | @a19980112d1997 em y0chiy0121 ea | |
| 101 | 1 | @achi@crus |
| 102 | @aCN@b120000 | |
| 105 | @ay z 000ay | |
| 200 | 10 | @a鱼王@Ayu wang@f(苏)В.П.阿斯塔菲耶夫(В.П.Астафъев)著@g夏仲翼等译 |
| 210 | @a天津@c百花文艺出版社@d1997 | |
| 215 | @a14,524页@d20cm | |
| 225 | 2 | @a域外小说新译丛书 |
| 410 | 0 | @120010@a域外小说新译丛书 |
| 606 | @a长篇小说@y苏联@z现代 | |
| 690 | @aI512.4@v3 | |
| 692 | @a47.2752@v2 | |
| 701 | 1 | @a阿斯塔菲耶夫@Aa si ta fei ye fu@bВ.П.@4著 |
| 701 | A1 | @aАстафъев@bВ.П.@4著 |
| 702 | 0 | @a夏仲翼@Axia zhong yi@4译 |
| 801 | 0 | @aCN@bTSSF@c19980123 |
| 905 | @a10447@dI512.4@eJY158 | |
| 鱼王/(苏)В.П.阿斯塔菲耶夫(В.П.Астафъев)著/夏仲翼等译.-天津:百花文艺出版社,1997 |
| 14,524页;20cm.-(域外小说新译丛书) |
| ISBN 7-5306-2435-0:CNY22.80 |
| ● |
| 相关链接 |
|
|
|
|
正题名:鱼王
索取号:I512.4/JY158
 
预约/预借
| 序号 | 登录号 | 条形码 | 馆藏地/架位号 | 状态 | 备注 |
| 1 | 7815164 | 278151642 | 学院路分馆/ [索取号:I512.4/JY158] | 在馆 | |
| 2 | 7815165 | 278151651 | 学院路分馆/ [索取号:I512.4/JY158] | 在馆 | |
| 3 | 7815166 | 278151660 | 学院路分馆/ [索取号:I512.4/JY158] | 在馆 | |
| 4 | 7815167 | 278151679 | 学院路分馆/ [索取号:I512.4/JY158] | 在馆 |